| 000 | 06713cam a2201381 a 4500 | ||
|---|---|---|---|
| 999 | _c53885 | ||
| 001 | 12141893 | ||
| 003 | LIBRIS | ||
| 005 | 20201020123807.0 | ||
| 008 | 110414s2011 sw |||||||||||000 f|swe| | ||
| 020 |
_a9789137136721 _qinb. |
||
| 035 | _a(Bo)475882 | ||
| 040 |
_aLGEN _dS _ea |
||
| 041 | _aswe | ||
| 082 | 0 | 4 |
_a839.738 _222/swe |
| 084 |
_aHc.01 _2kssb/8 |
||
| 100 | 1 |
_aEinhorn, Stefan, _d1955- _4aut _0https://libris.kb.se/dbqssr4x5j414fm#it |
|
| 245 | 1 | 0 |
_aÄnglarnas svar / _cStefan Einhorn. |
| 264 | 1 |
_aStockholm : _bForum, _c2011 |
|
| 264 | 3 | _aTyskland | |
| 300 |
_a173 s. _c21 cm |
||
| 500 | _aOriginalupplaga 2011 | ||
| 500 |
_5Bo _aAnnan upplaga kan finnas vid biblioteket |
||
| 650 | 2 |
_aHolocaust _vFictional Works |
|
| 650 | 2 |
_aJews _vFictional Works |
|
| 650 | 2 |
_aEthics _vFictional Works |
|
| 650 | 2 |
_aHistory, 20th Century _vFictional Works |
|
| 653 | _a1940-talet | ||
| 653 | _aSverige | ||
| 653 | _aJudar | ||
| 653 | _aFörintelsen | ||
| 653 | _aSkönlitteratur | ||
| 887 |
_a{"@id":"fzrsdfqr4g7xj5w","modified":"2018-10-30T23:00:00+01:00","checksum":"95240270106"} _2librisxl |
||
| 887 |
_a{"@id":"rw3rw3tx3tjwm8z","modified":"2014-08-25T11:11:40+02:00","checksum":"58390742046"} _2librisxl |
||
| 887 |
_a{"@id":"15d9118600t2ls9","modified":"2016-01-25T11:27:25+01:00","checksum":"62563365469"} _2librisxl |
||
| 887 |
_a{"@id":"bgn9qfbh4bj7g52","modified":"2014-04-01T11:50:49+02:00","checksum":"53667815942"} _2librisxl |
||
| 887 |
_a{"@id":"48gr0c995gmhvkp","modified":"2011-09-07T12:54:40+02:00","checksum":"61339209110"} _2librisxl |
||
| 887 |
_a{"@id":"hmt44q6n0p2txsk","modified":"2020-03-24T13:48:11.504+01:00","checksum":"77293103056"} _2librisxl |
||
| 887 |
_a{"@id":"pt1c55fv5gv90bl","modified":"2011-10-18T14:07:57+02:00","checksum":"74388827628"} _2librisxl |
||
| 887 |
_a{"@id":"gls34qbm1nx9bf0","modified":"2011-08-30T11:13:52+02:00","checksum":"109563011896"} _2librisxl |
||
| 887 |
_a{"@id":"sx4drpsz1n48cc5","modified":"2011-10-12T03:08:42+02:00","checksum":"96597932755"} _2librisxl |
||
| 887 |
_a{"@id":"kwc6vwqlhl9jb18m","modified":"2020-07-07T11:19:00.418+02:00","checksum":"58215046994"} _2librisxl |
||
| 887 |
_a{"@id":"djq2tq6k05ck5b4","modified":"2017-02-06T18:07:49+01:00","checksum":"50825048369"} _2librisxl |
||
| 887 |
_a{"@id":"26dp18275ng0s7f","modified":"2011-09-12T08:55:57+02:00","checksum":"81045288464"} _2librisxl |
||
| 887 |
_a{"@id":"rw3fhpbx4kks3dx","modified":"2011-11-11T15:14:53+01:00","checksum":"87263012765"} _2librisxl |
||
| 887 |
_a{"@id":"bgnz9l2h3v9612r","modified":"2011-09-12T17:16:10+02:00","checksum":"69788182122"} _2librisxl |
||
| 887 |
_a{"@id":"djq2t69k3zln8vj","modified":"2011-10-13T10:39:46+02:00","checksum":"67391197559"} _2librisxl |
||
| 887 |
_a{"@id":"qv2dxbqw37mmdrj","modified":"2011-09-19T13:50:23+02:00","checksum":"64172421671"} _2librisxl |
||
| 887 |
_a{"@id":"w17jm8924sqz593","modified":"2011-09-02T10:48:25+02:00","checksum":"58515699193"} _2librisxl |
||
| 887 |
_a{"@id":"15cnrgn620nfn5g","modified":"2014-12-08T12:06:29+01:00","checksum":"88826148321"} _2librisxl |
||
| 887 |
_a{"@id":"48h9s8w9493t06r","modified":"2015-06-22T10:17:37+02:00","checksum":"58729676230"} _2librisxl |
||
| 887 |
_a{"@id":"fkr250ll4m4krfv","modified":"2011-09-17T09:14:13+02:00","checksum":"86602396447"} _2librisxl |
||
| 887 |
_a{"@id":"w17jh6f23v28876","modified":"2011-08-25T16:11:33+02:00","checksum":"64981601149"} _2librisxl |
||
| 887 |
_a{"@id":"04bn98j542pt37h","modified":"2011-09-26T16:11:58+02:00","checksum":"58709708217"} _2librisxl |
||
| 887 |
_a{"@id":"bgn0l2wh17dqjg6","modified":"2011-09-22T10:22:41+02:00","checksum":"55581976739"} _2librisxl |
||
| 887 |
_a{"@id":"chp0mw5j5h8sknw","modified":"2012-06-25T11:44:31+02:00","checksum":"60703492690"} _2librisxl |
||
| 887 |
_a{"@id":"48gr64z91mxms16","modified":"2011-09-15T13:08:36+02:00","checksum":"87180102498"} _2librisxl |
||
| 887 |
_a{"@id":"x28lc6t329hjnwm","modified":"2011-10-10T11:03:43+02:00","checksum":"89842514016"} _2librisxl |
||
| 887 |
_a{"@id":"mwwzq6jwkncmcrnb","modified":"2018-10-02T15:16:29.423+02:00","checksum":"55863789113"} _2librisxl |
||
| 900 | 1 | s |
_6100 _d1955- _uEinhorn, Stefan, _d1955- |
| 942 |
_2z _cBOOK |
||
| 949 |
_5G _61001825131 _a11/802 _s7500 _tYNNNN |
||